Multi-Criteria Decision Analysis for Enhanced Decision-Making in Chemical Industry

Saved in:
Bibliographic Details
Main Author: Kraviarová, Dominika (Author)
Other Authors: Janošovský, Ján (Thesis advisor)
Format: Manuscript Book
Language:Slovak
English
Published: 2023
Subjects:
Online Access:http://is.stuba.sk/zp/portal_zp.pl?podrobnosti=169509
Tags: Add Tag
No Tags, Be the first to tag this record!

MARC

LEADER 00000ntm a22000003a 4500
001 stuzp93878
003 SK-STU
005 20230909220349.4
007 ta
008 150427s2015----xo-----f-mn---000-0-slo-d
040 |a STU  |b slo 
041 0 |a eng 
100 1 |a Kraviarová, Dominika  |u 046230  |k Z3  |4 aut  |U FCHPT Ústav chemického a environmentálneho inžinierstva  |T FCHPT Oddelenie chemického a biochemického inžinierstva  |X 97299  |U C6230  |Y 119  |7 97299 
242 0 1 |a Viackriteriálna rozhodovacia analýza ako nástroj pre vylepšené rozhodovanie v chemickom priemysle  |y slo 
245 1 0 |a Multi-Criteria Decision Analysis for Enhanced Decision-Making in Chemical Industry 
260 |c 2023 
650 4 |a MCDA  |2 slo 
650 4 |a AHP  |2 slo 
650 4 |a zelený vodík  |2 slo 
650 4 |a syntetické palivá  |2 slo 
650 4 |a udržateľná doprava  |2 slo 
650 4 |a green hydrogen  |2 eng 
650 4 |a AHP  |2 eng 
650 4 |a MCDA  |2 eng 
650 4 |a synthetic fuels  |2 eng 
650 4 |a sustainable transport  |2 eng 
700 1 |a Janošovský, Ján  |u 046230  |k Z8  |4 ths  |U FCHPT Ústav chemického a environmentálneho inžinierstva  |T FCHPT Oddelenie chemického a biochemického inžinierstva  |X 69326  |U C6230  |Y 119  |7 69326 
856 4 |u http://is.stuba.sk/zp/portal_zp.pl?podrobnosti=169509